000 00517nam a2200181Ia 4500
008 230714s9999 xx 000 0 und d
020 _a9780000000000
041 _aeng
082 _a621.381'5
_bSED
100 _aSedra A.S.
245 _aMicroelectronic Circuits
_bTheory And Applications
250 _a6th ed.
260 _c2017
_bOxford University Press
300 _a1384
365 _cRs.
_b825.00
700 _aSedra A.S. & Smith K.C.
_9185253
906 _dO:0375225-Feb-2017B:381515-Feb-2017
_cETC
_b2310
999 _c220076
_d220076